000 00773nam a22002537a 4500
001 52479
003 UA-OsUOA
005 20201119224745.0
007 ta
008 20150608b un ||||| |||| 00| 0 ukr d
040 _aUA-OsUOA
_bukr
_cUA-OsUOA
_dUA-OsUOA
041 _aukr
080 _a09.-94(477).09
090 _a09.-94(477).09
_bК56
100 _aКовач А.
245 _aУкраїнська визвольна боротьба і "Власовщина"
260 _aНімеччина
_c1948
300 _a56 с.
650 7 _a0 Загальний відділ.
_2UDC
942 _cBK
_2udc
955 _a1
999 _c432598
_d432598